Get It Right, Get a Hint Quiz Stats

Quiz Updated Sep 9, 2014

Also try: Find the Countries
Challenge
Share
Tweet
Embed
Score 0/20 Timer 05:00
2 Plays Today
Hint Answer % Correct
What is the fifth planet from the sun????
80.5%
What continent has the fewest people????
74.9%
What is the only chess piece that is shaped like a living thing????
74.5%
Which is the only U.S. ''C'' state whose capital is also its largest city????
66.6%
Which of Disney's seven dwarfs has a purple hat????
64.6%
''Piques'' is French for which playing card suit????
58.7%
What U.S. state is fifth alphabetically????
56.8%
What is the world's population to the closest billion????
53%
What color is Spock's blood in ''Star Trek''????
44.8%
What category was pink in the original Trivial Pursuit game????
44.2%
Hint Answer % Correct
Who did Jack Haley play in ''The Wizard of Oz''????
43.4%
Who was the youngest member of the Beatles????
39.3%
What day of the week appears in the title of a #1 Rolling Stones hit????
38.9%
Which Ivy League school shares its name with the city it is in????
37.8%
How many sides are on a tetradecagon????
33.5%
In what year of the 1970s did Hank Aaron surpass Babe Ruth's home run record????
32.1%
What is next digit in pi? 3.14159__???
30.7%
What Pixar film came out after ''The Incredibles''????
30.1%
What country has won the most Winter Olympic medals????
20.4%
What one-word James Bond movie came out after 1964 and before 1979????
16.1%

You're not logged in!

Compare scores with friends on all Sporcle quizzes.
Sign Up with Email
OR
Log In

You Might Also Like...

Show Comments

Extras

Top Quizzes Today


Score Distribution

Your Account Isn't Verified!

In order to create a playlist on Sporcle, you need to verify the email address you used during registration. Go to your Sporcle Settings to finish the process.